00551 2200205 4500001002100000008004100021035002000062245010000082100002100182250000600203260004100209300001100250084001400261082000800275650001400283990001200297990001200309990001200321990001200333INLIS000000000000548 ind  a0010-0424000524 aEnsiklopedia Seni Budaya; Cara Terbaru Belajar Gitar ( Teknik Gitar Tunggal )cFirdaus Budhi A. aBudhi A, Firdaus a1 aYogyakarta :bCitra Aji Paramac2013 a80 hlm a700 FIR e a700 aNon Fiksi a0722220 a0722221 a0722222 a0722223